Moderní rétorika jak mluvit k druhým lidem, aby nám naslouchali a rozuměli
Salvato in:
| Autore principale: | |
|---|---|
| Natura: | Libro |
| Lingua: | ceco |
| Pubblicazione: |
Praha
GRADA Publishing
2009
|
| Edizione: | 3. dopln. vyd. |
| Serie: | Poradce pro praxi
|
| Soggetti: | |
| Tags: |
Nessun Tag, puoi essere il primo ad aggiungerne!!
|
MARC
| LEADER | 00000nam a2200000 4500 | ||
|---|---|---|---|
| 001 | 0127938 | ||
| 005 | 20240313133235.2 | ||
| 020 | |a 978-80-247-2965-7 | ||
| 041 | 0 | |a cze | |
| 044 | |a CZ | ||
| 245 | 1 | 0 | |a Moderní rétorika |b jak mluvit k druhým lidem, aby nám naslouchali a rozuměli |c Alena Špačková |
| 250 | |a 3. dopln. vyd. | ||
| 264 | 1 | |a Praha |b GRADA Publishing |c 2009 | |
| 300 | |a 141 s. | ||
| 490 | 1 | |a Poradce pro praxi | |
| 830 | 0 | |a Poradce pro praxi | |
| 610 | 2 | 0 | |a rétorika |
| 610 | 2 | 0 | |a komunikácia interpersonálna |
| 610 | 2 | 0 | |a imidž |
| 610 | 2 | 0 | |a prejavy |
| 610 | 2 | 0 | |a poradenstvo |
| 610 | 2 | 0 | |a jazykoveda |
| 100 | 1 | |a Špačková, Alena | |